00550nam a2200169 i 450000100060000000300090000600500170001500700030003200800410003502000180007610000340009424501100012825000150023826000730025330000220032685200320034862471ES-MaACL20230906164657.0t|031121s1985 sp ||||1| spa d a84-85942-32-91 aFernández Espinar, Ramón.14aLas fuentes del derecho histórico español b: esquemas y resúmenes / cRamón Fernández Espinar. a[1ª ed.]. aMadrid : bCentro de Estudios Universitarios Ramón Areces, c1985. a638 p. ; c24 cm. aES-MaACLjL-2430 bR.111140